Salario y modernización /

Spremljeno u:
Bibliografski detalji
Glavni autor: González Chávez, Gerardo J.
Format: Tekst
Teme:
Oznake: Dodaj oznaku
Bez oznaka, Budi prvi tko označuje ovaj zapis!

MARC

LEADER 00000 a a2200000 04500
001 45962
003
040
100 |a González Chávez, Gerardo J.  
245 |a Salario y modernización /  |c Gerardo J. González Chávez  
650 |a SALARIO  
650 |a ECONOMIA  
650 |a MEXICO  
773 |g número53 (1991), páginas 20-27  
999 |c 23163  |d 23163